[Event "Almansa op-B"]
[Site "Almansa"]
[Date "2014.08.05"]
[Round "1"]
[White "Moreno Brocalero, Jorge"]
[Black "Garcia Gimenez, Santiago"]
[Result "1-0"]
[WhiteElo "1960"]
[BlackElo "1627"]
[PlyCount "133"]
[EventDate "2014.08.05"]
[EventType "swiss"]
[EventRounds "9"]
[EventCountry "ESP"]
[SourceTitle "EXT 2019"]
[Source "ChessBase"]
[SourceDate "2018.10.10"]
[SourceVersion "1"]
[SourceVersionDate "2018.10.10"]
[SourceQuality "1"]

1. e4 e5 2. Nf3 Nc6 3. Bc4 Nf6 4. d3 d6 5. h3 Be7 6. c3 0-0 7. b4 a5 8. b5 Nb8 9. a4 Nbd7 10. Be3 h6 11. Nbd2 c6 12. Qb3 Nb8 13. d4 d5 14. exd5 cxd5 15. Be2 e4 16. Ne5 Be6 17. 0-0 Nbd7 18. f4 Nxe5 19. fxe5 Nh7 20. c4 dxc4 21. Bxc4 Bxc4 22. Qxc4 Bg5 23. Qb3 Bxe3+ 24. Qxe3 Qg5 25. Rf4 f5 26. exf6 Nxf6 27. Nxe4 Nxe4 28. Rxe4 Qf6 29. Rd1 Rad8 30. d5 Rf7 31. Re8+ Rxe8 32. Qxe8+ Rf8 33. Qe1 Qb6+ 34. Kh1 Rd8 35. Qe7 Rd6 36. Qe8+ Kh7 37. Qe4+ Kg8 38. Rf1 Qd8 39. Rf5 b6 40. Re5 Kf7 41. Qg4 Kg8 42. Qf4 Rf6 43. Rf5 Rd6 44. Kh2 g6 45. Re5 Qf6 46. Kg3 Kf7 47. Kf3 Qxf4+ 48. Kxf4 Kf6 49. Ke4 Kf7 50. Kd4 Rf6 51. Re4 g5 52. h4 gxh4 53. Rxh4 Ke7 54. Ke5 Rg6 55. g4 Rg5+ 56. Ke4 Rg6 57. Kf5 Rg5+ 58. Kf4 Rg6 59. Rh5 Rd6 60. Re5+ Kf6 61. g5+ hxg5+ 62. Rxg5 Kf7 63. Ke5 Rh6 64. Rf5+ Ke7 65. d6+ Kd7 66. Rf7+ Kc8 67. Kd5 1-0

[Event "Almansa U2000 op 7th"]
[Site "Almansa"]
[Date "2012.08.11"]
[Round "8"]
[White "Moreno Brocalero, Jorge"]
[Black "Vela Horcajada, Jose Angel"]
[Result "1-0"]
[WhiteElo "1916"]
[BlackElo "1611"]
[PlyCount "85"]
[EventDate "2012.08.07"]
[EventType "swiss"]
[EventRounds "9"]
[EventCountry "ESP"]
[SourceTitle "EXT 2024"]
[Source "ChessBase"]
[SourceDate "2023.10.10"]
[SourceVersion "1"]
[SourceVersionDate "2023.10.10"]
[SourceQuality "1"]

1. e4 c5 2. Nf3 d6 3. Bc4 Nf6 4. c3 Nc6 5. Bd5 e6 6. Bxc6+ bxc6 7. Qa4 Qc7 8. 0-0 Be7 9. Re1 0-0 10. d3 e5 11. a3 Bg4 12. Nbd2 a5 13. h3 Be6 14. Nc4 Bxc4 15. Qxc4 d5 16. Qa4 Bd6 17. Rb1 Rfe8 18. Nh4 Rad8 19. Bg5 Re6 20. Nf5 Bf8 21. b4 axb4 22. axb4 h6 23. Bxf6 Rxf6 24. b5 cxb5 25. Rxb5 dxe4 26. dxe4 Qd7 27. Rc1 Rb8 28. c4 g6 29. Nxh6+ Kg7 30. Ng4 Re6 31. Rd1 Qc6 32. Rd5 Bd6 33. Qb3 Ree8 34. Qb2 f6 35. f4 Qc7 36. fxe5 fxe5 37. Qd2 Re6 38. Qh6+ Kg8 39. Rxb8+ Qxb8 40. Qd2 Be7 41. Rd7 Qb1+ 42. Kh2 Qxe4 43. Rxe7 1-0

[Event "Almansa op-B 6th"]
[Site "Almansa"]
[Date "2011.08.10"]
[Round "3.1"]
[White "Perez Garcia, Jose Miguel"]
[Black "Moreno Brocalero, Jorge"]
[Result "1/2-1/2"]
[WhiteElo "1996"]
[BlackElo "1886"]
[PlyCount "92"]
[EventDate "2011.08.09"]
[EventType "swiss"]
[EventRounds "9"]
[EventCountry "ESP"]
[SourceTitle "EXT 2024"]
[Source "ChessBase"]
[SourceDate "2023.10.10"]
[SourceVersion "1"]
[SourceVersionDate "2023.10.10"]
[SourceQuality "1"]

1. d4 d5 2. Nf3 Nf6 3. g3 g6 4. Bg2 Bg7 5. 0-0 a6 6. c4 c6 7. Ne5 0-0 8. Nc3 e6 9. b3 Nfd7 10. Nxd7 Nxd7 11. Bb2 Re8 12. e4 dxc4 13. bxc4 Nb6 14. Qb3 Bxd4 15. Rfd1 c5 16. Ne2 e5 17. Nc3 Bg4 18. Rd2 Rb8 19. a4 a5 20. Nd5 Na8 21. Bc3 Be6 22. Rc1 b6 23. Qb5 Bd7 24. Qxd7 Qxd7 25. Nf6+ Kg7 26. Nxd7 Rb7 27. Bh3 Re7 28. Kg2 g5 29. Bf5 Nc7 30. Bxd4 exd4 31. f4 gxf4 32. gxf4 Ne6 33. Bxe6 Rxe6 34. Ne5 f6 35. Nd3 Rxe4 36. Kf2 Rbe7 37. Rg1+ Kf7 38. Rb1 R7e6 39. Rg1 Re3 40. Rg3 h5 41. Rf3 R6e4 42. Rg3 h4 43. Rg4 Rh3 44. Kg2 Ree3 45. Nf2 Rhf3 46. Rxh4 Rb3 1/2-1/2